000
003240000a22001450004500
005
20120302054451.0
942
_c
BOOK
245
_a
Kalyan Anka:Varsha 39-Anka 3
260
_a
Gorakhpur:Geeta,1965.
300
_a
768-828p.
040
_a
HIN
650
_a
Sankirna
650
_a
Maasik-Sankirna
650
_a
Kalyan-Maasik
999
_c
345708
_d
345705